| 000 | 00618nam a2200217 a 4500 | ||
|---|---|---|---|
| 005 | 20140311163037.0 | ||
| 008 | 111109s19uu xx 00 eng d | ||
| 020 | _a9780071317153 | ||
| 050 |
_aP 90 _b.B284 2012 |
||
| 100 | _aBaran, Stanley J. | ||
| 245 |
_aIntroduction to mass communication : _bmedia literacy and culture / _cStanley J. Baran,. |
||
| 250 | _a7th ed. | ||
| 260 |
_aNew York : _bMcGraw-Hill, _c2012. |
||
| 300 |
_a492 p. : _bill. ; _c27 cm |
||
| 521 | _aMC | ||
| 650 | _aMass media | ||
| 650 | _aMass media and culture | ||
| 650 | _aMedia literacy | ||
| 942 |
_cBK _2lcc _kFOR |
||
| 999 |
_c39689 _d39689 |
||